Pezinok, polyfunkčný komplex na Holubyho ulici 67-69

Saved in:
Bibliographic Details
Main Author: Kleiman, Marián (Author)
Other Authors: Pohaničová, Jana (Thesis advisor)
Format: Manuscript Book
Language:Slovak
Published: Bratislava 2021
Subjects:
Online Access:http://is.stuba.sk/zp/portal_zp.pl?podrobnosti=157457
Tags: Add Tag
No Tags, Be the first to tag this record!

MARC

LEADER 00000ntm a22000003a 4500
001 stuzp83414
003 SK-STU
005 20220217133007.7
007 ta
008 150427s2015----xo-----f-mn---000-0-slo-d
040 |a STU  |b slo 
041 0 |a slo 
100 1 |a Kleiman, Marián  |u 053130  |4 aut  |U FAD Fakulta architektúry a dizajnu  |T FAD Ústav dejín a teórie architektúry a obnovy pamiatok  |X 82312  |U A3130  |Y 394  |7 82312 
242 0 1 |a Pezinok, a Multifunctional Complex at Holubyho Street No. 67-69  |y eng 
245 1 0 |a Pezinok, polyfunkčný komplex na Holubyho ulici 67-69 
260 |c 2021  |a Bratislava 
650 4 |a Pezinok  |2 slo 
650 4 |a komunitné bývanie  |2 slo 
650 4 |a dvor  |2 slo 
650 4 |a pamiatková zóna  |2 slo 
650 4 |a Pezinok  |2 eng 
650 4 |a community housing  |2 eng 
650 4 |a courtyard  |2 eng 
700 1 |a Pohaničová, Jana  |u 053130  |k Z1  |4 ths  |U FAD Fakulta architektúry a dizajnu  |T FAD Ústav dejín a teórie architektúry a obnovy pamiatok  |X 390  |U A3130  |Y 394  |7 A000000390 
856 4 |u http://is.stuba.sk/zp/portal_zp.pl?podrobnosti=157457  |u https://opac.crzp.sk/?fn=detailBiblioForm&sid=0C216CD716E182230C280AAAC853